书目信息 |
| 题名: |
盲校课程与教学
|
|
| 作者: | 钱志亮 主编 | |
| 分册: | ||
| 出版信息: | 北京 北京师范大学出版社 2013.1 |
|
| 页数: | 414页 | |
| 开本: | 23cm | |
| 丛书名: | 新世纪高等学校教材 | |
| 单 册: | ||
| 中图分类: | G761.2 | |
| 科图分类: | ||
| 主题词: | 盲人学校--教学研究--高等学校--教材 , 盲人学校--课程设置--高等学校--教材 | |
| 电子资源: | ||
| ISBN: | 978-7-303-15508-8 | |
| 000 | 01025oam2 2200277 45 | |
| 001 | 1359689749 | |
| 005 | 20130529084817.39 | |
| 010 | @a978-7-303-15508-8@dCNY45.00 | |
| 100 | @a20130513d2013 em y0chiy0121 ea | |
| 101 | 0 | @achi |
| 102 | @aCN@b110000 | |
| 105 | @aak a 000yy | |
| 106 | @ar | |
| 200 | 1 | @a盲校课程与教学@AMang Xiao Ke Cheng Yu Jiao Xue@f钱志亮主编@FQian Zhi Liang Zhu Bian |
| 210 | @a北京@c北京师范大学出版社@d2013.1 | |
| 215 | @a414页@c图@d23cm | |
| 225 | 2 | @a新世纪高等学校教材@i特殊教育学系列教材 |
| 320 | @a有书目 (第410-414页) | |
| 330 | @a本书共二十一章节, 内容包括盲校的教学、盲校的课程、盲校品德与生活课程与教学、盲校品德与社会课程与教学、盲校思想品德课程与教学、盲校语文课程与教学等。 | |
| 461 | 0 | @12001 @a新世纪高等学校教材@i特殊教育学系列教材 |
| 606 | 0 | @a盲人学校@x教学研究@x高等学校@j教材 |
| 606 | 0 | @a盲人学校@x课程设置@x高等学校@j教材 |
| 690 | @aG761.2@v5 | |
| 701 | 0 | @a钱志亮@AQian Zhi Liang@4主编 |
| 801 | @aCN@bTANGWEI@c20130522 | |
| 905 | @b0833196-201@dG761.2@e47@f6 | |
| 盲校课程与教学/钱志亮主编.-北京:北京师范大学出版社,2013.1 |
| 414页:图;23cm.-(新世纪高等学校教材.特殊教育学系列教材) |
| ISBN 978-7-303-15508-8:CNY45.00 |
| 本书共二十一章节, 内容包括盲校的教学、盲校的课程、盲校品德与生活课程与教学、盲校品德与社会课程与教学、盲校思想品德课程与教学、盲校语文课程与教学等。 |
| ● |
| 相关链接 |
|
|
|
|
正题名:盲校课程与教学
索取号:G761.2/47
 
预约/预借
| 序号 | 登录号 | 条形码 | 馆藏地/架位号 | 状态 | 备注 |
| 1 | 0833196 | 208331964 | 第一样本阅览室/ [索取号:G761.2/47] | 在馆 | |
| 2 | 0833197 | 208331973 | 教育系资料室/ [索取号:G761.2/47] | 在馆 | |
| 3 | 0833198 | 208331982 | 教育系资料室/ [索取号:G761.2/47] | 在馆 | |
| 4 | 0833199 | 208331991 | 教育系资料室/ [索取号:G761.2/47] | 在馆 | |
| 5 | 0833200 | 208332008 | 第四借阅区/ [索取号:G761.2/47] | 在馆 | |
| 6 | 0833201 | 208332017 | 第四借阅区/ [索取号:G761.2/47] | 在馆 |